Histoire de la littérature italienne contemporaine, 1800-1859 / (Record no. 184901)
[ view plain ]
| 000 -LEADER | |
|---|---|
| campo de control de longitud fija | 00527nam a2200157 i 4500 |
| 001 - NÚMERO DE CONTROL | |
| campo de control | 184901 |
| 003 - IDENTIFICADOR DE NÚMERO DE CONTROL | |
| campo de control | ES-MaACL |
| 005 - FECHA Y HORA DE LA ÚLTIMA TRANSACCIÓN | |
| campo de control | 20230906222313.0 |
| 008 - DATOS DE LONGITUD FIJA--INFORMACIÓN GENERAL | |
| campo de control de longitud fija | 160218s1870 fr |||| | fre d |
| 100 1# - ENTRADA PRINCIPAL--NOMBRE DE PERSONA | |
| Nombre de persona | Roux, Amédée. |
| 9 (RLIN) | 158786 |
| 245 10 - MENCIÓN DEL TÍTULO | |
| Título | Histoire de la littérature italienne contemporaine, 1800-1859 / |
| Mención de responsabilidad, etc. | par Amédée Roux. |
| 260 ## - PUBLICACIÓN, DISTRIBUCIÓN, ETC. | |
| Lugar de publicación, distribución, etc. | Paris : |
| Nombre del editor, distribuidor, etc. | Durand et Pedone-Lauriet, |
| Fecha de publicación, distribución, etc. | 1870. |
| 300 ## - DESCRIPCIÓN FÍSICA | |
| Extensión | V, 517 p. ; |
| Dimensiones | 18 cm. |
| 650 #4 - PUNTO DE ACCESO ADICIONAL DE MATERIA--TÉRMINO DE MATERIA | |
| Término de materia o nombre geográfico como elemento de entrada | Literatura italiana- |
| Subdivisión cronológica | S.XIX- |
| Subdivisión general | Historia y crítica. |
| 9 (RLIN) | 158787 |
| 852 ## - LOCALIZACIÓN | |
| Ubicación | ES-MaACL |
| Número de control de estantería | G-15322 |
| Estatus retirado | Estado de pérdida | Estado de daño | No para préstamo | Colección | Biblioteca de origen | Biblioteca actual | Ubicación en estantería | Fecha de adquisición | Fuente de adquisición | Total de préstamos | Signatura topográfica completa | Código de barras | Visto por última vez | Precio de reemplazo | Tipo de ítem Koha |
|---|---|---|---|---|---|---|---|---|---|---|---|---|---|---|---|
| Libros del s. XIX | Biblioteca del Ateneo de Madrid | Biblioteca del Ateneo de Madrid | Sala Pecera Planta 3 | 18/02/2016 | G-15322 | 1194744 | 23/02/2023 | 23/02/2023 | Libro impreso antiguo |
